000 00990nam a22002297a 4500
005 20240530110603.0
008 161017s2015 ua ha f b 000 0 ara d
017 _a2014/11184
_bمصر. دار الكتب
020 _a9772763667359
040 _aEG-CaGPL
_cEG-CaGPL
082 _221
_a953.082
_bق/أ م
100 0 _aاحمد خلف فندى السبعاوى
245 1 2 _aالمشيدات الوقفية العمرانية فى مصر خلال العصر المملوكى :
_b800 - 923 هـ / 1397 - 1517 م /
_cاحمد خلف فندى السبعاوى
250 _aط. 1
260 _aالقاهرة :
_bالمكتب العربى للمعارف ،
_c2015 .
300 _a291 ص. :
_bصور ، جداول ؛
_c24 سم. +
_eملاحق .
504 _aيشتمل على ارجاعات ببليوجرافية
651 0 4 _aمصر
_xتاريخ
_yعصر المماليك
651 0 4 _aمصر
_xاوقاف
_yعصر المماليك
942 _2ddc
_cBK
999 _c62702
_d62702